000 00830nam a2200253Ia 4500
003 OSt
005 20220923223114.0
006 a|||||r|||| 00| 0
007 ta
008 220922b |||||||| |||| 00| 0 hin d
024 _a211,120
037 _cTextual
040 _aARTS
_cARTS
_bhin
041 _2hin
_ahin
082 _aO152,3N3511x, M6
100 _aसुरती, आबिद
245 0 _aपच्चीस पत्तियांे वाला पेड़
246 _aPachchīs pattiyāane vālā peड़
260 _aदिल्ली
_b प्रभात प्रका0
_c1986
300 _a216पृ.
_ccm.
650 _aहिन्दी साहित्य
_9156264
942 _hO152,3N3511x, M6
_cTEXL
_2CC
999 _c361399
_d361399